| 000 | 00590nam a22002057a 4500 | ||
|---|---|---|---|
| 003 | BUBTL | ||
| 008 | 240325b ||||| |||| 00| 0 eng d | ||
| 041 | _aEnglish | ||
| 082 |
_24th ed. _a346.04/ Is41t/ 2012 |
||
| 100 |
_95781 _aIslam, Md. Shaiful |
||
| 245 |
_aThe Transfer of Property Act, 1882/ _bMd. Shaiful Islam |
||
| 250 | _a4th ed. | ||
| 260 |
_aDhaka _bLipi Law Book House _cc2012 |
||
| 300 |
_a[viii], 72 p. : _bil . ; 21 cm. |
||
| 526 | _aLaw | ||
| 650 | 0 |
_92126 _aLaw |
|
| 856 |
_k0 _l0 _yDownload |
||
| 942 |
_2ddc _cBK |
||
| 999 |
_c7288 _d7288 |
||